000 00581nam a2200229Ia 4500
003 OSt
005 20221005132231.0
006 a|||||r|||| 00| 0
007 ta
008 221004b |||||||| |||| 00| 0 tam d
024 _a51151
037 _cTextual
040 _aCRL
_cCRL
_btam
041 _2tam
_atam
082 _aO35vN7, 31M6
100 _aT.S. Giriprakash
_9640774
245 0 _aThelungu Ilakkiya varalaru
260 _c1986
650 _aTELUGU LITERATURE
942 _hO35vN7, 31M6
_cTEXL
_2cc
999 _c1062967
_d1062967